00489 2200193 4500001002100000005001500021035002000036008004100056245005500097100002000152250000600172260004600178300001100224084001400235082000800249650001400257990001200271990001200283INLIS00000000000030020240503081132 a0010-0424000276240503 0 ind 1 aPemuda & Kelautan : Penebar Jala /cAdhyaksa Dault aDault, Adhyaksa a1 aYogyakarta :bPT. Citra Aji Parama,c2017 a56 hlm a300 ADH p a300 4aNon Fiksi a0728797 a0728798